000 00567nam a22001817a 4500
003 OSt
005 20260121052116.0
008 260121b |||||||| |||| 00| 0 eng d
020 _a971-8966-46-3
040 _aDWC-Main lib.
_cOC
082 _aFil. 657.046 G937a 1979
100 _aGuerrero, Pedro P.
245 _aAdvanced accounting :
_ba procedural approach /
_cPedro P. Guerrero
260 _aPhilippines :
_bGIC Enterprises & Co., Inc.,
_cc1979
300 _a371 pages :
_c23 centimeters
700 _aPeralta, Jose F.
942 _2ddc
_cBK - FIL
_hFil.
_n0
999 _c7650
_d7650